Central Library OPAC University of Rajshahi

I, the King / (Record no. 62660)

MARC details
000 -LEADER
fixed length control field 01066nam a2200289 a 4500
001 - CONTROL NUMBER
control field 62660
003 - CONTROL NUMBER IDENTIFIER
rucl marc code BD-RjUL
005 - DATE AND TIME OF LATEST TRANSACTION
control field 20211209081117.0
008 - FIXED-LENGTH DATA ELEMENTS--GENERAL INFORMATION
fixed length control field 170125s1966 enkabcf b 000 0 eng d
035 ## - SYSTEM CONTROL NUMBER
System control number (BD-RjUL)62786
040 ## - CATALOGING SOURCE
Original cataloging agency DLC
Transcribing agency DLC
Modifying agency OCoLC
-- DLC
-- BD-RjUL
Language of cataloging eng
041 ## - LANGUAGE CODE
Language code of text/sound track or separate title eng
082 ## - DEWEY DECIMAL CLASSIFICATION NUMBER
Edition number 23
Classification number 813
Author mark and year KEI 1966
100 1# - MAIN ENTRY--PERSONAL NAME
Personal name Keyes, Frances Parkinson,
Dates associated with a name 1885-1970.
9 (RLIN) 186295
245 10 - TITLE STATEMENT
Title I, the King /
Statement of responsibility, etc. [by] Frances Parkinson Keyes.
260 ## - PUBLICATION, DISTRIBUTION, ETC. (IMPRINT)
Place of publication, distribution, etc. London :
Name of publisher, distributor, etc. Eyre & Spottiswoode,
Date of publication, distribution, etc. 1966.
300 ## - PHYSICAL DESCRIPTION
Pagination [12], 404 p. :
Illustrations ill. ;
Size 21 cm.
504 ## - BIBLIOGRAPHY, ETC. NOTE
Bibliography, etc Bibliography: p. 401-[404]
600 00 - SUBJECT ADDED ENTRY--PERSONAL NAME
Personal name Philip
Titles and other words associated with a name King of Spain,
Dates associated with a name 1605-1665
General subdivision Fiction.
Personal name Maria de Jesรนs de Agreda,
Titles and other words associated with a name sor,
Dates associated with a name 1602-1665
General subdivision Fiction.
Personal name Elizabeth,
Titles and other words associated with a name of France, Queen, consort of Philip IV, King of Spain,
Dates associated with a name 1602-1644
General subdivision Fiction.
650 #0 - SUBJECT ADDED ENTRY--TOPICAL TERM
Topical term or geographic name as entry element Queens
Geographic subdivision Spain
General subdivision Fiction.
9 (RLIN) 186299
651 #0 - SUBJECT ADDED ENTRY--GEOGRAPHIC NAME
Geographic name Spain
General subdivision Kings and rulers
-- Fiction.
9 (RLIN) 186300
942 ## - ADDED ENTRY ELEMENTS (KOHA)
Source of classification or shelving scheme Dewey Decimal Classification
Koha item type Books
Holdings
Lost status Source of classification or shelving scheme Damaged status Not for loan Collection code Permanent Location Current Location Shelving location Date acquired Source of acquisition Total Checkouts Full call number Date last seen Copy number Koha item type
  Dewey Decimal Classification   Not For Loan Fiction Central Library, University of Rajshahi Central Library, University of Rajshahi Reading Room 17/06/1967 U. S. I. S.   813 KEI 1966 25/01/2017 C-1 Books